000 00365nam a2200133Ia 4500
008 211122s9999||||xx |||||||||||||| ||und||
082 _a894.8124
_bSRE-V
100 _aSreeraman, V K
245 0 _aVeritta Kazhchakal
260 _bD c Books
_aKottayam
_c2003
630 _xGeneral Stack
650 _aMalayalam Literature
_vMalayalam EssaysMalayalam
942 _cBOOK
999 _c132667
_d132667